000 00440nam a2200181Ia 4500
001 22564
005 20260414150840.0
008 260414t2015||||xx |||||||||||||| ||spa||
041 _aESP
082 _a621.382
_bO73
100 _aOrtega Ruíz, Mauricio
_eAUT
245 0 _aMatlab aplicado a telecomunicaciones
_b
260 _c2015
300 _a270 páginas :
_c23 cm.
650 _aTCA
654 _aCET
942 _cLIB
_dJUS
_fJUS
_2ddc
_n
999 _c22564
_d22564